Republic of Ireland National Team Goalkeepers Since 2000 - Statistics

General Stats
  • This quiz has been taken 22 times
  • The average score is 7 of 15
Answer Stats
Answer Caps Debut Last Cap % Correct
Shay Given 134 27th March 1996 - 0-2 (L) vs Russia 31st May 2016 - 1-2 (L) Belarus
100%
Darren Randolph 50 11th September 2012 - 4-1 (W) vs Oman 18th November 2020 - 0-0 vs Bulgaria
83%
Gavin Bazunu 16 27th March 2021 - 1-0 (L) vs Luxembourg 16th June 2023 - 2-1 (L) vs Greece
78%
Caoimhín Kelleher 10 8th June 2021 - 0-0 vs Hungary 22nd March 2023 - 3-2 (W) vs Latvia
72%
David Forde 24 24th May 2011 - 5-0 (W) vs Northern Ireland 14th October 2014 - 1-1 vs Germany
67%
Keiren Westwood 21 29th May 2009 - 1-1 vs Nigeria 7th June 2015 - 0-0 vs England
61%
Mark Travers 3 10th September 2019 - 3-1 (W) vs Bulgaria 24th March 2021 - 3-2 (L) vs Serbia
56%
Alan Kelly 34 17th February 1993 - 2-1 (W) vs Wales 15th August 2001 - 2-2 vs Croatia
44%
Dean Kiely 11 17th November 1999 - 0-0 vs Turkey 24th May 2008 - 1-1 vs Serbia
39%
Paddy Kenny 7 31st March 2004 - 2-1 (W) vs Czech Republic 7th October 2006 - 5-2 (L) vs Cyprus
28%
Stephen O'Halloran 2 23rd May 2007 - 1-1 vs Ecuador 26th May 2007 - 1-1 vs Bolivia
11%
Colin Doyle 4 23rd May 2007 - 1-1 vs Ecuador 2nd June 2018 - 2-1 (W) vs United States
6%
Rob Elliot 4 25th May 2014 - 1-2 (L) Turkey 29th March 2016 - 1-0 (W) vs Switzerland
6%
Wayne Henderson 6 1st March 2006 - 3-0 (W) vs Sweden 22nd August 2007 - 0-4(W) vs Denmark
6%
Nick Colgan 10 27th March 2002 - 3-0 (W) Denmark 26th May 2007 - 1-1 vs Bolivia
0%
No matching quizzes found
Score Distribution
Percent of People with Each Score
Percentile by Number Answered
Your Score History
You have not taken this quiz